Справочник горного мастера геологоразведочных партий

Sonraí bibleagrafaíochta
Rannpháirtithe: Куличихин Н. И. Николай Иванович (редактор)
Teanga:Rúisis
Foilsithe / Cruthaithe: Москва, Недра, 1973
Eagrán:2-е изд., перераб. и доп.
Ábhair:
Formáid: LEABHAR
KOHA link:https://koha.lib.tpu.ru/cgi-bin/koha/opac-detail.pl?biblionumber=60441

MARC

LEADER 00000nam0a2200000 4500
001 60441
005 20231031061425.0
035 |a (RuTPU)RU\TPU\book\63925 
090 |a 60441 
100 |a 20040209d1973 km y0rusy50 ca 
101 0 |a rus 
102 |a RU 
105 |a a g 001zy 
200 1 |a Справочник горного мастера геологоразведочных партий  |f Под ред. Н. И. Куличихина 
205 |a 2-е изд., перераб. и доп. 
210 |a Москва  |c Недра  |d 1973 
215 |a 368 с.  |c ил. 
320 |a Библиогр.: с. 365-366 
610 1 |a горное дело 
610 1 |a буровзрывные работы 
610 1 |a горные выработки 
610 1 |a вентиляция 
610 1 |a порода 
610 1 |a водоотлив 
610 1 |a проведение 
610 1 |a электротехника 
610 1 |a справочники 
610 1 |a уборка 
675 |a 622(035)  |v 3 
702 1 |a Куличихин  |b Н. И.  |g Николай Иванович  |4 340 
801 1 |a RU  |b 63413507  |c 20040209  |g PSBO 
801 2 |a RU  |b 63413507  |c 20200806  |g PSBO 
942 |c BK